| 000 | 00541nam a2200169 i 4500 | ||
|---|---|---|---|
| 001 | 64743 | ||
| 003 | ES-MaACL | ||
| 005 | 20230906165212.0 | ||
| 007 | t| | ||
| 008 | 040105s1982 sp ||||1| spa d | ||
| 100 | 1 |
_aForner Muñoz, Salvador. _951778 |
|
| 245 | 1 | 0 |
_aIndustrialización y movimiento obrero _b: Alicante 1923-1936 / _cSalvador Forner Muñoz. |
| 260 |
_aValencia : _bInstitución Alfonso el Magnánimo, _c[1982] |
||
| 300 |
_a446 p. ; _c21 cm. |
||
| 852 |
_aES-MaACL _jL-3470 _bR.104292 |
||
| 852 |
_aES-MaACL _jL-2312 _bR.103267 |
||
| 999 |
_c64743 _d64743 |
||